LaLiga 2 2025/26 - loga klubów - Statystyki

Ogólne statystyki
  • Ten quiz został rozwiązany 38 razy
  • Średni wynik to 13 z 22
Statystyki odpowiedzi
Obrazkowy Odpowiedź % Poprawnych
Real Sociedad B
97%
Granada CF
86%
Malaga CF
86%
Cadiz CF
83%
SD Eibar
83%
UD Almeria
80%
UD Las Palmas
80%
Deportivo de La Coruna
77%
Racing Santander
77%
CD Leganes
74%
SD Huesca
66%
Real Valladolid CF
63%
Sporting Gijon
60%
FC Andorra
57%
Albacete
54%
Real Zaragoza
54%
Burgos CF
37%
CD Mirandes
31%
Cordoba CF
26%
CD Castellón
14%
Cultural Leonesa
14%
AD Ceuta FC
11%
Nie znaleziono quizów pasujących do podanych kryteriów
Rozkład punktacji
Procent ludzi z każdym wynikiem
Percentyl według liczby udzielonych odpowiedzi
Twoja historia wyników
Nie rozwiązałeś tego quizu